Echinostomes as experimental models for biological research (Record no. 257805)

MARC details
000 -LEADER
fixed length control field 00755nam a2200229Ia 4500
008 - FIXED-LENGTH DATA ELEMENTS--GENERAL INFORMATION
fixed length control field 191130s2000##################000#0#eng##
020 ## - INTERNATIONAL STANDARD BOOK NUMBER
ISBN 9780792361565
082 ## - DEWEY DECIMAL CLASSIFICATION NUMBER
Classification number 592.48 FRI
245 ## - TITLE STATEMENT
Title Echinostomes as experimental models for biological research
Statement of responsibility, etc edited by Bernard Fried and Thaddeus K. Graczyk
250 ## - EDITION STATEMENT
Edition statement 1st ed
260 ## - PUBLICATION, DISTRIBUTION, ETC. (IMPRINT)
Place of publication Dordrecht ; Boston
Name of publisher Kluwer Academic Press
Year of publication 2000
300 ## - PHYSICAL DESCRIPTION
Number of Pages ix,273 p. : ill.(some col.) ; 25 cm
500 ## - GENERAL NOTE
General note Includes bibliographical references and index
650 ## - SUBJECT ADDED ENTRY--TOPICAL TERM
Topical Term Animal models in research
Topical Term Echinostomatidae
700 ## - ADDED ENTRY--PERSONAL NAME
Personal name Fried, Bernard
Personal name Graczyk, Thaddeus K
991 ## -
-- 198908
Holdings
Withdrawn status Lost status Damaged status Not for loan Home library Current library Shelving location Date acquired Full call number Accession Number Price effective from Koha item type
        Anna Centenary Library Anna Centenary Library 5TH FLOOR, B WING 13.10.2020 592.48 FRI 209291 13.10.2020 English Books

Find us on the map